[Event "SVK-ch U12"]
[Site "Tatralandia"]
[Date "2025.05.18"]
[Round "9"]
[White "Abdou, Fransis Thomas"]
[Black "Olear, Sebastian"]
[Result "1/2-1/2"]
[WhiteElo "1549"]
[BlackElo "1000"]
[PlyCount "30"]
[EventDate "2025.05.11"]
[EventType "swiss"]
[EventRounds "9"]
[EventCountry "SVK"]
[SourceTitle "CB21_2025"]
[SourceDate "2025.05.21"]
[SourceVersion "1"]
[SourceVersionDate "2025.05.21"]
[SourceQuality "1"]

1. c4 Nf6 2. Nc3 e6 3. Nf3 d5 4. e3 c5 5. cxd5 exd5 6. d4 a6 7. a4 Nc6 8. Be2 Be7 9. 0-0 0-0 10. b3 Qa5 11. Bd2 Qb6 12. Bc1 Qa5 13. Bd2 Qb6 14. Bc1 Qa5 15. Bd2 Qd8 1/2-1/2

[Event "SVK-ch U12"]
[Site "Tatralandia"]
[Date "2025.05.16"]
[Round "7"]
[White "Abdou, Fransis Thomas"]
[Black "Pituch, David"]
[Result "1/2-1/2"]
[WhiteElo "1549"]
[BlackElo "1509"]
[PlyCount "88"]
[EventDate "2025.05.11"]
[EventType "swiss"]
[EventRounds "9"]
[EventCountry "SVK"]
[SourceTitle "CB21_2025"]
[SourceDate "2025.05.21"]
[SourceVersion "1"]
[SourceVersionDate "2025.05.21"]
[SourceQuality "1"]

1. c4 c5 2. Nc3 Nc6 3. g3 g6 4. Bg2 Bg7 5. e4 d6 6. Nge2 e5 7. d3 Nf6 8. 0-0 0-0 9. h3 Be6 10. Be3 Qd7 11. Kh2 Rfe8 12. Qd2 Nd4 13. Bh6 a6 14. Bxg7 Kxg7 15. Nxd4 cxd4 16. Nd5 Bxd5 17. cxd5 Qb5 18. Rac1 Rac8 19. b3 Qb6 20. f4 Rxc1 21. Qxc1 h6 22. Qd2 Rc8 23. fxe5 dxe5 24. Rc1 Rxc1 25. Qxc1 Qd8 26. Qc5 Qd7 27. d6 Qe6 28. h4 g5 29. hxg5 hxg5 30. Qc7 Qd7 31. Kg1 g4 32. Bf1 Kf8 33. Be2 Ke8 34. Qb8+ Qd8 35. Qxb7 Qxd6 36. Qc8+ Ke7 37. Bxg4 Qa3 38. Qf5 Qc1+ 39. Kf2 Qe3+ 40. Kg2 Qd2+ 41. Kh3 Qh6+ 42. Kg2 Qd2+ 43. Kg1 Qe1+ 44. Kh2 Qd2+ 1/2-1/2

[Event "SVK-ch U12"]
[Site "Tatralandia"]
[Date "2025.05.15"]
[Round "6"]
[White "Fekiac, Jan Stanislav"]
[Black "Abdou, Fransis Thomas"]
[Result "1/2-1/2"]
[WhiteElo "1262"]
[BlackElo "1549"]
[PlyCount "70"]
[EventDate "2025.05.11"]
[EventType "swiss"]
[EventRounds "9"]
[EventCountry "SVK"]
[SourceTitle "CB21_2025"]
[SourceDate "2025.05.21"]
[SourceVersion "1"]
[SourceVersionDate "2025.05.21"]
[SourceQuality "1"]

1. d4 d5 2. Bf4 c5 3. e3 cxd4 4. exd4 Nf6 5. c4 Bf5 6. Nc3 e6 7. a3 Be7 8. Bd3 Bg6 9. Nf3 0-0 10. Bxg6 fxg6 11. 0-0 Qb6 12. Na4 Qc6 13. c5 Nbd7 14. Nc3 b6 15. b4 Ne4 16. Qc1 Nxc3 17. Qxc3 Rxf4 18. Qe3 Rff8 19. Qd3 bxc5 20. dxc5 a5 21. Rfc1 axb4 22. axb4 Rxa1 23. Rxa1 e5 24. Ra6 e4 25. Qe2 exf3 26. gxf3 Qc8 27. Qe6+ Rf7 28. Ra7 Bf6 29. c6 d4 30. cxd7 Qc1+ 31. Kg2 Qg5+ 32. Kf1 Qc1+ 33. Ke2 Qc2+ 34. Kf1 Qc1+ 35. Kg2 Qg5+ 1/2-1/2

[Event "SVK-chT U12 rapid"]
[Site "Poprad"]
[Date "2025.05.02"]
[Round "7.2"]
[White "Abdou, Fransis Thomas"]
[Black "Kovacik, Oliver1"]
[Result "0-1"]
[WhiteElo "1549"]
[BlackElo "1799"]
[PlyCount "46"]
[EventDate "2025.05.02"]
[EventType "team-swiss (rapid)"]
[EventRounds "7"]
[EventCountry "SVK"]
[SourceTitle "CB19_2025"]
[SourceDate "2025.05.07"]
[SourceVersion "1"]
[SourceVersionDate "2025.05.07"]
[SourceQuality "1"]

1. c4 c5 2. Nc3 Nc6 3. Nf3 g6 4. e3 Bg7 5. Be2 e6 6. 0-0 Nge7 7. d3 0-0 8. Bd2 d5 9. b3 d4 10. exd4 cxd4 11. Ne4 f5 12. Ng3 e5 13. Qc1 e4 14. dxe4 d3 15. Bd1 Bxa1 16. Qxa1 f4 17. Re1 fxg3 18. Bh6 gxf2+ 19. Kxf2 Rf7 20. Kg1 Qb6+ 21. Kh1 d2 22. Re2 Bg4 23. Ng5 Rf1# 0-1